000 00301nam a22001337a 4500
008 181203b xxu||||| |||| 00| 0 eng d
020 _a9780073128245
041 _aeng
080 _a721.053
100 _a61
101 _aAUD
245 _aAuditing Assurance Service
_cLouwers.TJ
942 _2udc
_cBK
999 _c52717
_d52717